The Mandalorian Season 3 Characters - Statistics

General Stats
  • This quiz has been taken 107 times
    77 since last reset
  • The average score is 16 of 26
Answer Stats
Appearances Hint Answer % Correct
17,18,19,20,21,22,23,24 Main Character The Mandalorian / Din Djarin
100%
17,18,19,20,21,22,23,24 Force wielder child Grogu
98%
17,18,19,20,21,22,23,24 Saw the Mythosaur and possessor of the Darksaber Bo-Katan Kryze
95%
17,21,23,24 High Magistrate of Nevarro Greef Karga
95%
17,19,20,21,23 Mandalorian who sacrifices himself Paz Vizsla
89%
17,23,24 Droid that Grogu pilots IG11 / IG12
82%
17,19,20,21,23,24 Mandalorian who leads Din’s clan The Armorer
82%
19 Cloning scientist Doctor Penn Pershing
75%
23,24 Imperial Warlord Moff Gideon
73%
18,19,21,22,23,24 Astromech sold by above R5-D4
73%
18 Mechanic on Tatooine Peli Motto
66%
21,24 New Republic captain Carson Teva
63%
22,23,24 New leader of the Nite Owls Axe Woves
57%
21 Lasat Rebel who spoke to above Zeb Orrelios
55%
23 Imperial Warlord who’s son becomes important Brendol Hux
54%
17,20,23,24 Above’s son Ragnar
54%
20 Jedi who saved Grogu Kelleran Beq
52%
22,23,24 Nite Owl Koska Reeves
52%
19,21,23 Ex-Imperial Comms officer and spy for Moff Gideon Elia Kane
43%
17,21 Pirate who knew Greef Vane
41%
17,21 Pirate King Gorian Shard
36%
22 Above’s wife and ruler of Plazir-15 The Duchess
34%
22 Former Imperial who rules Plazir-15 Captain Bombardier
30%
23 Imperial Warlord who knows Thrawn Captain Gilad Pellaeon
21%
22 Separatist who sabotaged droids Helgait
21%
21 New Republic colonel who argued with Teva Colonel Tuttle
14%
No matching quizzes found
Score Distribution
Percent of People with Each Score
Percentile by Number Answered
Your Score History
You have not taken this quiz since the last reset